[Event "EYCC 2024 - G16"]
[Site "?"]
[Date "2024.08.31"]
[Round "9.10"]
[White "Trunz, Michelle"]
[Black "Kucuk, Aybike"]
[Result "1/2-1/2"]
[BlackElo "1872"]
[WhiteElo "2055"]
[LiveChessVersion "1.4.8"]

1. d4 {[%clk 1:30:59]} Nf6 {[%clk 1:30:53]} 2. c4 {[%clk 1:31:25]} e6
{[%clk 1:31:18]} 3. Nf3 {[%clk 1:31:53]} d5 {[%clk 1:31:43]} 4. Nc3
{[%clk 1:32:18]} Be7 {[%clk 1:31:46]} 5. Bg5 {[%clk 1:32:41]} h6 {[%clk 1:31:40]}
6. Bh4 {[%clk 1:33:06]} O-O {[%clk 1:31:44]} 7. e3 {[%clk 1:33:26]} Ne4
{[%clk 1:31:36]} 8. Bxe7 {[%clk 1:32:31]} Qxe7 {[%clk 1:31:52]} 9. Qc2
{[%clk 1:29:53]} Nxc3 {[%clk 1:31:18]} 10. bxc3 {[%clk 1:27:47]} dxc4
{[%clk 1:28:22]} 11. Bxc4 {[%clk 1:28:05]} b6 {[%clk 1:27:55]} 12. Qe4
{[%clk 1:23:26]} Ba6 {[%clk 1:10:49]} 13. Qxa8 {[%clk 1:10:58]} Bxc4
{[%clk 1:11:07]} 14. Qe4 {[%clk 1:10:28]} f5 {[%clk 1:06:05]} 15. Qc2
{[%clk 1:10:06]} Nd7 {[%clk 1:02:33]} 16. Nd2 {[%clk 0:57:30]} Bd5
{[%clk 0:59:50]} 17. Rg1 {[%clk 0:53:48]} Qh4 {[%clk 0:47:21]} 18. h3
{[%clk 0:45:00]} c5 {[%clk 0:44:47]} 19. Qd3 {[%clk 0:36:27]} Rd8
{[%clk 0:36:25]} 20. Qf1 {[%clk 0:34:12]} cxd4 {[%clk 0:30:22]} 21. cxd4
{[%clk 0:33:35]} e5 {[%clk 0:29:28]} 22. Qb5 {[%clk 0:31:18]} Bf7
{[%clk 0:23:59]} 23. Nf3 {[%clk 0:29:08]} Qe4 {[%clk 0:22:29]} 24. Nxe5
{[%clk 0:28:40]} Nxe5 {[%clk 0:22:11]} 25. Qxe5 {[%clk 0:28:50]} Qc2
{[%clk 0:22:14]} 26. Rd1 {[%clk 0:18:39]} Bc4 {[%clk 0:20:41]} 27. Rd2
{[%clk 0:18:51]} Qb1+ {[%clk 0:20:19]} 28. Rd1 {[%clk 0:19:13]} Qxa2
{[%clk 0:20:43]} 29. Rd2 {[%clk 0:19:20]} Qb1+ {[%clk 0:19:59]} 30. Rd1
{[%clk 0:19:44]} Qb4+ {[%clk 0:18:11]} 31. Rd2 {[%clk 0:20:08]} Rc8
{[%clk 0:16:58]} 32. f3 {[%clk 0:14:52]} Qc3 {[%clk 0:13:16]} 33. g4
{[%clk 0:12:00]} f4 {[%clk 0:11:23]} 34. Qxf4 {[%clk 0:09:46]} Qc1+
{[%clk 0:08:07]} 35. Rd1 {[%clk 0:09:52]} Qc2 {[%clk 0:08:21]} 36. Rd2
{[%clk 0:10:06]} Qc1+ {[%clk 0:08:14]} 37. Rd1 {[%clk 0:09:41]} Qc2
{[%clk 0:08:18]} 1/2-1/2

[Event "EYCC 2024 - G16"]
[Site "?"]
[Date "2024.08.31"]
[Round "9.11"]
[White "Rybackova, Lucie"]
[Black "Novomeska, Karin"]
[Result "1/2-1/2"]
[BlackElo "1815"]
[WhiteElo "2024"]
[LiveChessVersion "1.4.8"]

1. d4 {[%clk 1:30:54]} d5 {[%clk 1:30:54]} 2. c4 {[%clk 1:31:14]} c6
{[%clk 1:31:19]} 3. Nf3 {[%clk 1:31:36]} Nf6 {[%clk 1:31:42]} 4. Nc3
{[%clk 1:31:56]} e6 {[%clk 1:22:45]} 5. e3 {[%clk 1:32:11]} Be7 {[%clk 1:21:06]}
6. Qc2 {[%clk 1:32:17]} Nbd7 {[%clk 1:20:26]} 7. Bd3 {[%clk 1:32:28]} O-O
{[%clk 1:15:38]} 8. O-O {[%clk 1:32:49]} h6 {[%clk 1:08:28]} 9. b3
{[%clk 1:25:15]} b6 {[%clk 1:05:52]} 10. e4 {[%clk 1:21:36]} dxe4
{[%clk 1:05:33]} 11. Nxe4 {[%clk 1:21:53]} Qc7 {[%clk 0:58:39]} 12. Ne5
{[%clk 1:08:12]} Nxe5 {[%clk 0:53:03]} 13. dxe5 {[%clk 1:08:30]} Nxe4
{[%clk 0:33:43]} 14. Bxe4 {[%clk 1:08:52]} Qxe5 {[%clk 0:31:41]} 15. Bxc6
{[%clk 1:03:35]} Rb8 {[%clk 0:28:53]} 16. Bb2 {[%clk 1:02:27]} Qg5
{[%clk 0:26:15]} 17. Kh1 {[%clk 0:55:23]} Bb7 {[%clk 0:22:37]} 18. f4
{[%clk 0:54:18]} Qh4 {[%clk 0:19:47]} 19. Bxb7 {[%clk 0:54:12]} Rxb7
{[%clk 0:20:15]} 20. Rf3 {[%clk 0:53:38]} Rd7 {[%clk 0:13:40]} 21. Raf1
{[%clk 0:48:48]} Rfd8 {[%clk 0:12:37]} 22. Bc3 {[%clk 0:47:26]} Bc5
{[%clk 0:10:54]} 23. Rh3 {[%clk 0:37:40]} Qxf4 {[%clk 0:07:45]} 24. Rhf3
{[%clk 0:35:46]} Qd6 {[%clk 0:08:14]} 25. Qe4 {[%clk 0:27:49]} Bd4
{[%clk 0:03:06]} 26. Bd2 {[%clk 0:23:33]} Bb2 {[%clk 0:03:09]} 27. Be3
{[%clk 0:22:34]} Qe5 {[%clk 0:02:33]} 28. Qc2 {[%clk 0:16:57]} Rd3
{[%clk 0:02:42]} 29. Qf2 {[%clk 0:16:00]} Rd1 {[%clk 0:02:29]} 30. h3
{[%clk 0:14:04]} R8d3 {[%clk 0:01:23]} 31. Bf4 {[%clk 0:10:06]} Rxf3
{[%clk 0:01:41]} 32. Qxf3 {[%clk 0:10:16]} Rxf1+ {[%clk 0:01:59]} 33. Qxf1
{[%clk 0:10:45]} Qf5 {[%clk 0:02:17]} 34. Qf3 {[%clk 0:08:29]} g5
{[%clk 0:01:57]} 35. Bb8 {[%clk 0:07:27]} Qxf3 {[%clk 0:01:14]} 36. gxf3
{[%clk 0:07:55]} a5 {[%clk 0:00:58]} 37. Bc7 {[%clk 0:07:36]} Bd4
{[%clk 0:01:21]} 38. Kg2 {[%clk 0:07:44]} Kg7 {[%clk 0:01:44]} 39. a3
{[%clk 0:07:41]} f5 {[%clk 0:00:49]} 40. b4 {[%clk 0:07:48]} axb4
{[%clk 0:01:08]} 41. axb4 {[%clk 0:08:17]} Kf7 {[%clk 0:01:17]} 42. Bd6
{[%clk 0:06:43]} Ke8 {[%clk 0:01:37]} 43. Kf1 {[%clk 0:06:53]} Kd7
{[%clk 0:01:12]} 44. Bf8 {[%clk 0:07:01]} h5 {[%clk 0:01:06]} 45. Bh6
{[%clk 0:06:33]} Bc3 {[%clk 0:01:02]} 46. Bxg5 {[%clk 0:06:37]} Bxb4
{[%clk 0:01:27]} 47. Ke2 {[%clk 0:06:47]} Kc6 {[%clk 0:01:01]} 48. Kd3
{[%clk 0:06:56]} Bd6 {[%clk 0:01:12]} 49. Bc1 {[%clk 0:07:10]} b5
{[%clk 0:01:06]} 50. cxb5+ {[%clk 0:07:35]} Kxb5 {[%clk 0:01:35]} 51. Be3
{[%clk 0:06:31]} Bc5 {[%clk 0:01:05]} 52. Bf4 {[%clk 0:06:43]} Bg1
{[%clk 0:00:59]} 53. Bb8 {[%clk 0:06:57]} Kc6 {[%clk 0:00:55]} 54. Kc4
{[%clk 0:06:41]} Kd7 {[%clk 0:01:17]} 55. f4 {[%clk 0:04:15]} Bf2
{[%clk 0:00:51]} 56. Be5 {[%clk 0:04:13]} Bh4 {[%clk 0:01:06]} 57. Bd4
{[%clk 0:03:45]} Be7 {[%clk 0:01:13]} 58. Be3 {[%clk 0:02:59]} Bd6
{[%clk 0:01:33]} 59. Bd2 {[%clk 0:03:21]} Kc6 {[%clk 0:01:55]} 60. Kd3
{[%clk 0:02:08]} Kd5 {[%clk 0:02:03]} 61. Ke3 {[%clk 0:02:27]} e5
{[%clk 0:01:41]} 62. fxe5 {[%clk 0:02:55]} Kxe5 {[%clk 0:01:25]} 63. Kf3
{[%clk 0:03:18]} Kf6 {[%clk 0:01:11]} 64. Be3 {[%clk 0:03:29]} h4
{[%clk 0:00:45]} 65. Bd2 {[%clk 0:03:43]} Bg3 {[%clk 0:01:06]} 66. Bc3+
{[%clk 0:03:29]} Kg5 {[%clk 0:01:13]} 67. Bd2+ {[%clk 0:03:51]} Kf6
{[%clk 0:01:11]} 68. Bc3+ {[%clk 0:03:59]} Ke6 {[%clk 0:01:36]} 69. Bd2
{[%clk 0:04:08]} Kd5 {[%clk 0:01:51]} 70. Be3 {[%clk 0:04:15]} Kc4
{[%clk 0:02:02]} 71. Ba7 1/2-1/2

[Event "EYCC 2024 - G16"]
[Site "?"]
[Date "2024.08.31"]
[Round "9.12"]
[White "Hayrapetyan, Nvard"]
[Black "Petrenko, Maryna"]
[Result "1/2-1/2"]
[BlackElo "2020"]
[WhiteElo "1748"]
[LiveChessVersion "1.4.8"]

1. d4 {[%clk 1:30:58]} d5 {[%clk 1:30:54]} 2. c4 {[%clk 1:31:25]} e6
{[%clk 1:31:21]} 3. Nc3 {[%clk 1:31:51]} c6 {[%clk 1:31:47]} 4. Nf3
{[%clk 1:32:08]} dxc4 {[%clk 1:32:13]} 5. e3 {[%clk 1:32:22]} b5 {[%clk 1:32:32]}
6. a4 {[%clk 1:32:44]} Bb4 {[%clk 1:32:57]} 7. Bd2 {[%clk 1:33:08]} a5
{[%clk 1:33:15]} 8. axb5 {[%clk 1:33:31]} Bxc3 {[%clk 1:33:40]} 9. Bxc3
{[%clk 1:33:57]} cxb5 {[%clk 1:34:03]} 10. b3 {[%clk 1:34:21]} Bb7
{[%clk 1:34:29]} 11. bxc4 {[%clk 1:34:45]} b4 {[%clk 1:34:54]} 12. Bb2
{[%clk 1:35:11]} Nf6 {[%clk 1:35:11]} 13. Bd3 {[%clk 1:35:37]} Nbd7
{[%clk 1:35:25]} 14. O-O {[%clk 1:35:11]} O-O {[%clk 1:35:50]} 15. Nd2
{[%clk 1:34:26]} h6 {[%clk 1:22:03]} 16. Bc2 {[%clk 1:27:57]} Qc7
{[%clk 1:15:08]} 17. h3 {[%clk 1:26:03]} Rfc8 {[%clk 1:10:23]} 18. f4
{[%clk 1:17:21]} Nd5 {[%clk 0:59:37]} 19. Qe1 {[%clk 1:08:37]} Nc3
{[%clk 0:58:37]} 20. e4 {[%clk 1:07:28]} Ba6 {[%clk 0:57:03]} 21. Bd3
{[%clk 1:04:44]} Nb6 {[%clk 0:48:36]} 22. Rxa5 {[%clk 0:46:47]} Nxc4
{[%clk 0:27:05]} 23. Rxa6 {[%clk 0:19:16]} Nxb2 {[%clk 0:27:28]} 24. Qa1
{[%clk 0:15:14]} Rxa6 {[%clk 0:23:40]} 25. Bxa6 {[%clk 0:14:04]} Ra8
{[%clk 0:24:05]} 26. Qxb2 {[%clk 0:13:13]} Rxa6 {[%clk 0:24:28]} 27. Qxb4
{[%clk 0:13:34]} Ne2+ {[%clk 0:19:46]} 28. Kh2 {[%clk 0:12:50]} Nxf4
{[%clk 0:17:08]} 29. Qb5 {[%clk 0:08:42]} Ra2 {[%clk 0:08:50]} 30. Qe8+
{[%clk 0:07:15]} Kh7 {[%clk 0:09:19]} 31. e5 {[%clk 0:07:33]} Rxd2
{[%clk 0:07:56]} 32. Rxf4 {[%clk 0:08:02]} Qc2 {[%clk 0:08:02]} 33. Qa8
{[%clk 0:07:04]} Qg6 {[%clk 0:04:10]} 34. Qf3 {[%clk 0:04:03]} Rd3
{[%clk 0:04:22]} 35. Qf2 {[%clk 0:04:08]} Kg8 {[%clk 0:02:26]} 36. Rg4
{[%clk 0:03:48]} Qf5 {[%clk 0:01:20]} 37. Rf4 {[%clk 0:02:25]} Qg5
{[%clk 0:00:44]} 38. Rxf7 {[%clk 0:02:05]} Rd2 {[%clk 0:01:06]} 39. Rf8+
{[%clk 0:02:29]} Kh7 {[%clk 0:01:33]} 40. Qf1 {[%clk 0:01:37]} Qg6
{[%clk 0:01:15]} 41. Rf4 {[%clk 0:01:42]} Qc2 {[%clk 0:01:08]} 42. Rg4
{[%clk 0:01:55]} Qc7 {[%clk 0:01:00]} 43. Qb1+ {[%clk 0:01:27]} Kh8
{[%clk 0:01:04]} 44. Qb4 {[%clk 0:01:20]} Rd1 {[%clk 0:00:59]} 45. Qf8+
{[%clk 0:01:04]} Kh7 {[%clk 0:01:27]} 46. Qe8 {[%clk 0:00:39]} Rxd4
{[%clk 0:00:47]} 47. Qxe6 {[%clk 0:00:42]} Rd2 {[%clk 0:00:54]} 48. Qg6+
{[%clk 0:00:35]} Kh8 {[%clk 0:01:22]} 49. Qe8+ {[%clk 0:00:41]} Kh7
{[%clk 0:01:50]} 50. Qg6+ {[%clk 0:00:36]} Kh8 {[%clk 0:02:19]} 51. Qf5
{[%clk 0:00:57]} Re2 {[%clk 0:01:44]} 52. Re4 {[%clk 0:01:09]} Rd2
{[%clk 0:02:01]} 53. Rf4 {[%clk 0:01:19]} Re2 {[%clk 0:02:03]} 54. Re4
{[%clk 0:00:56]} Rd2 {[%clk 0:02:31]} 55. Qf4 {[%clk 0:01:15]} Qc2
{[%clk 0:02:10]} 56. Qg4 {[%clk 0:01:21]} Qc7 {[%clk 0:02:13]} 57. Qg3
{[%clk 0:01:30]} Qc2 {[%clk 0:00:38]} 58. Re3 {[%clk 0:01:03]} Rd1
{[%clk 0:00:45]} 59. Qf4 {[%clk 0:00:39]} Rd2 {[%clk 0:00:41]} 60. Rg3
{[%clk 0:00:50]} Rf2 {[%clk 0:00:49]} 61. Qd4 {[%clk 0:00:50]} Rd2
{[%clk 0:00:36]} 62. Qa7 {[%clk 0:00:50]} g5 {[%clk 0:00:33]} 63. Qf7
{[%clk 0:00:42]} Qe4 {[%clk 0:00:36]} 64. e6 {[%clk 0:00:48]} Re2
{[%clk 0:00:45]} 65. Rf3 {[%clk 0:00:33]} Qe5+ {[%clk 0:00:58]} 66. Rg3
{[%clk 0:00:42]} Qxe6 {[%clk 0:01:02]} 67. Qf8+ {[%clk 0:01:03]} Kh7
{[%clk 0:01:27]} 68. Qa8 {[%clk 0:00:42]} Qe5 {[%clk 0:00:40]} 69. Qb7+
{[%clk 0:01:03]} Kg6 {[%clk 0:01:03]} 70. Qc6+ {[%clk 0:01:24]} Kg7
{[%clk 0:00:36]} 71. Qd7+ {[%clk 0:01:38]} Kf6 {[%clk 0:00:39]} 72. Qc6+
{[%clk 0:01:53]} Kg7 {[%clk 0:00:47]} 73. Qd7+ {[%clk 0:02:16]} Kf6
{[%clk 0:00:34]} 1/2-1/2

[Event "EYCC 2024 - G16"]
[Site "?"]
[Date "2024.08.31"]
[Round "9.13"]
[White "Zdor, Viktoriia"]
[Black "Rasheva, Nora"]
[Result "1-0"]
[BlackElo "1942"]
[WhiteElo "1882"]
[LiveChessVersion "1.4.8"]

1. d4 {[%clk 1:30:58]} d5 {[%clk 1:30:56]} 2. c4 {[%clk 1:31:20]} dxc4
{[%clk 1:31:22]} 3. Nf3 {[%clk 1:31:37]} Nf6 {[%clk 1:31:43]} 4. Qa4+
{[%clk 1:31:56]} Nc6 {[%clk 1:31:29]} 5. e3 {[%clk 1:31:23]} Bd7 {[%clk 1:16:00]}
6. Qxc4 {[%clk 1:30:51]} e6 {[%clk 1:14:14]} 7. Be2 {[%clk 1:27:06]} Nd5
{[%clk 1:12:20]} 8. Bd2 {[%clk 1:24:18]} Bd6 {[%clk 1:02:02]} 9. Qb3
{[%clk 1:13:14]} f5 {[%clk 0:58:16]} 10. Bc4 {[%clk 1:09:36]} Nce7
{[%clk 0:58:16]} 11. Nc3 {[%clk 1:06:00]} Bc6 {[%clk 0:53:03]} 12. O-O
{[%clk 1:00:30]} h6 {[%clk 0:46:45]} 13. Rfe1 {[%clk 0:44:57]} Nxc3
{[%clk 0:38:42]} 14. Bxc3 {[%clk 0:45:06]} Nd5 {[%clk 0:37:58]} 15. e4
{[%clk 0:40:53]} fxe4 {[%clk 0:32:04]} 16. Rxe4 {[%clk 0:40:00]} Nf4
{[%clk 0:32:26]} 17. d5 {[%clk 0:34:51]} Bxd5 {[%clk 0:22:41]} 18. Bxd5
{[%clk 0:35:04]} Nxd5 {[%clk 0:23:00]} 19. Rxe6+ {[%clk 0:33:14]} Kf7
{[%clk 0:20:33]} 20. Rae1 {[%clk 0:32:46]} Qd7 {[%clk 0:20:14]} 21. Ne5+
{[%clk 0:29:32]} Bxe5 {[%clk 0:20:38]} 22. R6xe5 {[%clk 0:29:35]} c6
{[%clk 0:20:50]} 23. Re7+ {[%clk 0:29:53]} Qxe7 {[%clk 0:21:11]} 24. Rxe7+
{[%clk 0:30:18]} Kxe7 {[%clk 0:21:40]} 25. Qxb7+ {[%clk 0:30:36]} Kd6
{[%clk 0:20:16]} 26. Qxg7 {[%clk 0:30:47]} Nxc3 {[%clk 0:19:49]} 27. Qxc3
{[%clk 0:31:09]} Rae8 {[%clk 0:19:45]} 28. Qd4+ {[%clk 0:31:22]} Kc7
{[%clk 0:20:06]} 29. Qxa7+ {[%clk 0:31:41]} Kd6 {[%clk 0:20:34]} 30. Qd4+
{[%clk 0:31:59]} Kc7 {[%clk 0:20:59]} 31. g3 {[%clk 0:32:21]} h5 {[%clk 0:21:14]}
32. h4 {[%clk 0:32:39]} Rhg8 {[%clk 0:20:37]} 33. Qf4+ {[%clk 0:32:45]} Kb6
{[%clk 0:20:41]} 34. Qf5 {[%clk 0:33:02]} Re1+ {[%clk 0:20:41]} 35. Kg2
{[%clk 0:33:21]} Re2 {[%clk 0:20:27]} 36. Qf4 {[%clk 0:30:14]} Rd8
{[%clk 0:18:08]} 37. Qb4+ {[%clk 0:29:51]} Kc7 {[%clk 0:18:33]} 38. Qa5+
{[%clk 0:30:09]} Kd7 {[%clk 0:18:57]} 39. Qf5+ {[%clk 0:29:11]} Kc7
{[%clk 0:18:07]} 40. Qxh5 {[%clk 0:29:10]} Rdd2 {[%clk 0:18:36]} 41. Qf7+
{[%clk 0:29:16]} Kd6 {[%clk 0:17:16]} 42. b4 {[%clk 0:28:30]} Rxa2
{[%clk 0:17:34]} 43. h5 {[%clk 0:28:34]} Ra8 {[%clk 0:17:24]} 44. Qf4+
{[%clk 0:28:08]} Re5 {[%clk 0:17:41]} 45. g4 {[%clk 0:28:01]} Rg8
{[%clk 0:17:59]} 46. h6 {[%clk 0:26:22]} Rge8 {[%clk 0:17:53]} 47. h7
{[%clk 0:26:17]} Kd5 {[%clk 0:18:20]} 48. Qf6 {[%clk 0:25:50]} Re4
{[%clk 0:17:44]} 49. f3 {[%clk 0:25:54]} 1-0

[Event "EYCC 2024 - G16"]
[Site "?"]
[Date "2024.08.31"]
[Round "9.14"]
[White "Zhezhovska, Monika"]
[Black "Alexandri, Vasiliki"]
[Result "1-0"]
[BlackElo "1824"]
[WhiteElo "2069"]
[LiveChessVersion "1.4.8"]

1. d4 {[%clk 1:30:58]} Nf6 {[%clk 1:30:55]} 2. c4 {[%clk 1:31:25]} g6
{[%clk 1:31:21]} 3. Nc3 {[%clk 1:31:51]} Bg7 {[%clk 1:31:45]} 4. e4
{[%clk 1:32:17]} d6 {[%clk 1:32:10]} 5. Be2 {[%clk 1:32:43]} O-O {[%clk 1:32:31]}
6. Be3 {[%clk 1:33:12]} c5 {[%clk 1:32:54]} 7. d5 {[%clk 1:33:37]} e6
{[%clk 1:33:16]} 8. h3 {[%clk 1:31:10]} exd5 {[%clk 1:32:49]} 9. exd5
{[%clk 1:31:34]} Bf5 {[%clk 1:28:40]} 10. Bd3 {[%clk 1:29:09]} Bxd3
{[%clk 1:21:19]} 11. Qxd3 {[%clk 1:29:37]} Nbd7 {[%clk 1:20:44]} 12. Nf3
{[%clk 1:28:37]} Ne8 {[%clk 1:14:46]} 13. O-O {[%clk 1:26:50]} Ne5
{[%clk 1:13:11]} 14. Nxe5 {[%clk 1:24:44]} Bxe5 {[%clk 1:13:39]} 15. f4
{[%clk 1:22:02]} Bg7 {[%clk 1:04:14]} 16. f5 {[%clk 1:15:03]} Nf6
{[%clk 0:53:29]} 17. Bg5 {[%clk 1:05:23]} h6 {[%clk 0:53:25]} 18. Bh4
{[%clk 1:01:19]} g5 {[%clk 0:53:14]} 19. Bg3 {[%clk 1:01:40]} a6 {[%clk 0:51:09]}
20. Rae1 {[%clk 0:58:57]} Qd7 {[%clk 0:44:14]} 21. h4 {[%clk 0:45:53]} Nh5
{[%clk 0:23:42]} 22. hxg5 {[%clk 0:44:28]} hxg5 {[%clk 0:23:49]} 23. Ne4
{[%clk 0:42:20]} Nxg3 {[%clk 0:15:04]} 24. Qxg3 {[%clk 0:40:21]} Bd4+
{[%clk 0:15:29]} 25. Kh1 {[%clk 0:39:55]} f6 {[%clk 0:15:06]} 26. Qxd6
{[%clk 0:30:25]} Qxd6 {[%clk 0:10:17]} 27. Nxd6 {[%clk 0:30:53]} Bxb2
{[%clk 0:09:59]} 28. Rb1 {[%clk 0:29:35]} Be5 {[%clk 0:09:49]} 29. Ne4
{[%clk 0:24:16]} Rf7 {[%clk 0:09:30]} 30. g3 {[%clk 0:24:07]} Bd4
{[%clk 0:07:53]} 31. Rb6 {[%clk 0:23:50]} Re8 {[%clk 0:07:43]} 32. Re6
{[%clk 0:23:49]} Rd8 {[%clk 0:07:18]} 33. a4 {[%clk 0:22:27]} b5 {[%clk 0:05:44]}
34. axb5 {[%clk 0:21:05]} axb5 {[%clk 0:06:13]} 35. cxb5 {[%clk 0:19:31]} Rxd5
{[%clk 0:06:27]} 36. b6 {[%clk 0:19:07]} Be5 {[%clk 0:01:38]} 37. Rb1
{[%clk 0:18:29]} Rb7 {[%clk 0:01:06]} 38. Nxf6+ {[%clk 0:18:13]} Bxf6
{[%clk 0:01:35]} 39. Rxf6 {[%clk 0:18:42]} Kh8 {[%clk 0:00:47]} 40. Rc6
{[%clk 0:17:33]} Rxf5 {[%clk 0:00:38]} 41. Rc7 {[%clk 0:17:56]} Rb8
{[%clk 0:01:01]} 42. b7 {[%clk 0:17:28]} Rff8 {[%clk 0:01:29]} 43. Rxc5
{[%clk 0:17:39]} Rg8 {[%clk 0:01:03]} 44. Rc7 {[%clk 0:17:38]} Rg7
{[%clk 0:00:51]} 45. Rc8+ {[%clk 0:18:03]} Rg8 {[%clk 0:01:20]} 46. Rc5
{[%clk 0:17:48]} Rg7 {[%clk 0:01:10]} 47. Rc8+ {[%clk 0:16:38]} Rg8
{[%clk 0:01:26]} 48. Rxb8 {[%clk 0:17:04]} Rxb8 {[%clk 0:01:54]} 49. Kg2
{[%clk 0:17:26]} Kg7 {[%clk 0:02:10]} 50. Kf3 {[%clk 0:17:52]} Kf6
{[%clk 0:01:20]} 51. Kg4 {[%clk 0:18:20]} Ke5 {[%clk 0:00:38]} 52. Kxg5
{[%clk 0:18:41]} Rg8+ {[%clk 0:00:38]} 53. Kh6 {[%clk 0:19:10]} Rb8
{[%clk 0:01:00]} 54. g4 {[%clk 0:19:30]} Rh8+ {[%clk 0:00:35]} 55. Kg7
{[%clk 0:19:58]} Rb8 {[%clk 0:00:58]} 56. g5 {[%clk 0:20:22]} Ke6
{[%clk 0:00:58]} 57. g6 {[%clk 0:20:43]} Ke7 {[%clk 0:00:51]} 58. Kh7
{[%clk 0:21:07]} Kf6 {[%clk 0:00:58]} 59. g7 {[%clk 0:21:27]} Kf7
{[%clk 0:01:14]} 60. g8=Q+ {[%clk 0:21:38]} 1-0

[Event "EYCC 2024 - G16"]
[Site "?"]
[Date "2024.08.31"]
[Round "9.15"]
[White "Hristova, Ivelina"]
[Black "Li Chen, Helena Joana"]
[Result "1-0"]
[BlackElo "2057"]
[WhiteElo "1875"]
[LiveChessVersion "1.4.8"]

1. d4 {[%clk 1:30:56]} Nf6 {[%clk 1:29:21]} 2. Nf3 {[%clk 1:30:40]} e6
{[%clk 1:29:43]} 3. c4 {[%clk 1:30:21]} b6 {[%clk 1:28:25]} 4. g3
{[%clk 1:30:17]} Bb4+ {[%clk 1:26:01]} 5. Bd2 {[%clk 1:30:18]} Be7
{[%clk 1:26:10]} 6. Nc3 {[%clk 1:28:41]} Ba6 {[%clk 1:26:32]} 7. b3
{[%clk 1:23:37]} d5 {[%clk 1:21:53]} 8. cxd5 {[%clk 1:13:02]} Nxd5
{[%clk 1:21:04]} 9. Bg2 {[%clk 1:06:48]} Nd7 {[%clk 1:13:42]} 10. Nxd5
{[%clk 1:02:37]} exd5 {[%clk 1:14:04]} 11. O-O {[%clk 0:59:43]} c6
{[%clk 1:11:39]} 12. Rc1 {[%clk 0:54:28]} Rc8 {[%clk 1:11:35]} 13. Re1
{[%clk 0:53:36]} f5 {[%clk 1:10:53]} 14. Rc2 {[%clk 0:36:34]} O-O
{[%clk 1:09:41]} 15. Qc1 {[%clk 0:36:38]} c5 {[%clk 1:08:04]} 16. Ng5
{[%clk 0:29:41]} Bxg5 {[%clk 1:08:28]} 17. Bxd5+ {[%clk 0:28:01]} Kh8
{[%clk 1:08:45]} 18. Bxg5 {[%clk 0:28:22]} Qe8 {[%clk 1:08:02]} 19. Be3
{[%clk 0:24:59]} Nf6 {[%clk 1:06:03]} 20. Bf3 {[%clk 0:24:41]} Ng4
{[%clk 1:06:28]} 21. h3 {[%clk 0:21:49]} Nxe3 {[%clk 1:05:32]} 22. Qxe3
{[%clk 0:20:22]} cxd4 {[%clk 1:05:50]} 23. Rxc8 {[%clk 0:14:35]} dxe3
{[%clk 1:02:53]} 24. Rxe8 {[%clk 0:14:57]} Rxe8 {[%clk 1:03:19]} 25. fxe3
{[%clk 0:14:30]} Rxe3 {[%clk 1:03:40]} 26. Kf2 {[%clk 0:14:11]} Rc3
{[%clk 1:04:06]} 27. Rd1 {[%clk 0:14:32]} h6 {[%clk 1:03:22]} 28. Rd7
{[%clk 0:14:18]} Rc2 {[%clk 1:03:46]} 29. Rxa7 {[%clk 0:12:22]} Rxa2
{[%clk 1:03:28]} 30. Ra8+ {[%clk 0:12:34]} Kh7 {[%clk 1:03:52]} 31. Ra7
{[%clk 0:09:30]} Kg6 {[%clk 1:02:25]} 32. Rd7 {[%clk 0:06:28]} b5
{[%clk 1:01:58]} 33. Rd6+ {[%clk 0:06:27]} Kf7 {[%clk 1:01:32]} 34. b4
{[%clk 0:05:07]} Ra4 {[%clk 1:01:21]} 35. Rb6 {[%clk 0:05:11]} Ke7
{[%clk 0:59:01]} 36. Bb7 {[%clk 0:04:43]} Bxb7 {[%clk 0:58:23]} 37. Rxb7+ Kf6
{[%clk 0:58:45]} 38. Rxb5 {[%clk 0:05:36]} Ra3 {[%clk 0:59:02]} 39. h4
{[%clk 0:02:16]} g5 {[%clk 0:57:59]} 40. Rb6+ {[%clk 0:02:11]} Kg7
{[%clk 0:58:25]} 41. hxg5 {[%clk 0:01:21]} hxg5 {[%clk 0:58:53]} 42. b5
{[%clk 0:00:42]} Rb3 {[%clk 0:59:10]} 43. Rb8 {[%clk 0:00:47]} Kg6
{[%clk 0:56:15]} 44. b6 {[%clk 0:00:39]} Kh5 {[%clk 0:56:41]} 45. b7
{[%clk 0:00:37]} Kg4 {[%clk 0:57:06]} 46. Rc8 {[%clk 0:00:46]} Rxb7
{[%clk 0:57:27]} 47. Rc4+ {[%clk 0:01:12]} Kh3 {[%clk 0:56:45]} 48. Rc5
{[%clk 0:00:39]} Rf7 {[%clk 0:57:06]} 49. Kf3 {[%clk 0:00:39]} f4
{[%clk 0:57:19]} 50. g4 {[%clk 0:00:41]} Re7 {[%clk 0:56:27]} 51. Rxg5
{[%clk 0:00:41]} Re3+ {[%clk 0:56:53]} 52. Kxf4 {[%clk 0:00:59]} Rxe2
{[%clk 0:57:19]} 53. Rh5+ {[%clk 0:01:16]} Kg2 {[%clk 0:57:44]} 54. Kf5
{[%clk 0:01:03]} Rf2+ {[%clk 0:57:26]} 55. Kg6 {[%clk 0:01:04]} Kg3
{[%clk 0:57:51]} 56. Rf5 {[%clk 0:00:40]} Ra2 {[%clk 0:57:48]} 57. g5
{[%clk 0:00:39]} Kg4 {[%clk 0:58:11]} 58. Rc5 {[%clk 0:00:41]} Ra7
{[%clk 0:58:05]} 59. Rc4+ {[%clk 0:01:00]} Kf3 {[%clk 0:58:18]} 60. Kh6
{[%clk 0:01:09]} Ra1 {[%clk 0:57:58]} 61. g6 {[%clk 0:01:20]} Rh1+
{[%clk 0:58:24]} 62. Kg7 Kg3 {[%clk 0:58:39]} 63. Kg8 {[%clk 0:01:44]} Kf3
{[%clk 0:57:25]} 64. g7 {[%clk 0:02:02]} Ra1 {[%clk 0:57:51]} 65. Kh7
{[%clk 0:01:36]} Rh1+ {[%clk 0:58:17]} 66. Kg6 {[%clk 0:01:58]} Rg1+
{[%clk 0:58:41]} 67. Kf7 {[%clk 0:02:19]} Ke3 {[%clk 0:59:02]} 68. g8=Q
{[%clk 0:02:38]} Rxg8 {[%clk 0:59:27]} 69. Kxg8 {[%clk 0:03:06]} Kd3
{[%clk 0:59:50]} 70. Rh4 {[%clk 0:03:32]} Ke3 {[%clk 1:00:13]} 71. Kf7
{[%clk 0:03:59]} Kd3 {[%clk 1:00:39]} 72. Ke6 {[%clk 0:04:26]} Ke3
{[%clk 1:01:04]} 73. Kf5 {[%clk 0:04:49]} Kd3 {[%clk 1:01:30]} 74. Ke5
{[%clk 0:05:17]} 1-0

[Event "EYCC 2024 - G16"]
[Site "?"]
[Date "2024.08.31"]
[Round "9.16"]
[White "Bat, Anu"]
[Black "Stankovic, Andrea"]
[Result "1-0"]
[BlackElo "1856"]
[WhiteElo "1948"]
[LiveChessVersion "1.4.8"]

1. d4 {[%clk 1:30:57]} e6 {[%clk 1:30:46]} 2. e4 {[%clk 1:31:20]} d5
{[%clk 1:31:12]} 3. e5 {[%clk 1:31:38]} c5 {[%clk 1:31:36]} 4. c3
{[%clk 1:32:04]} Nc6 {[%clk 1:32:00]} 5. Nf3 {[%clk 1:31:45]} Nge7
{[%clk 1:32:10]} 6. a3 {[%clk 1:31:28]} Nf5 {[%clk 1:31:06]} 7. g4
{[%clk 1:24:15]} Nh4 {[%clk 1:29:58]} 8. Be3 {[%clk 1:17:55]} Nxf3+
{[%clk 1:26:34]} 9. Qxf3 {[%clk 1:18:23]} c4 {[%clk 1:24:45]} 10. Qd1
{[%clk 1:14:05]} Rb8 {[%clk 1:17:47]} 11. Nd2 {[%clk 1:12:30]} Be7
{[%clk 1:18:03]} 12. Bg2 {[%clk 1:04:21]} O-O {[%clk 1:15:24]} 13. O-O
{[%clk 1:01:58]} f6 {[%clk 1:10:23]} 14. f4 {[%clk 1:01:01]} Qb6 {[%clk 1:03:52]}
15. exf6 {[%clk 0:57:24]} gxf6 {[%clk 0:58:28]} 16. Rb1 {[%clk 0:55:42]} Bd6
{[%clk 0:57:29]} 17. g5 {[%clk 0:42:34]} Ne7 {[%clk 0:56:46]} 18. Qg4
{[%clk 0:37:15]} fxg5 {[%clk 0:51:55]} 19. Nf3 {[%clk 0:33:13]} Nf5
{[%clk 0:49:54]} 20. Bd2 {[%clk 0:31:00]} Qc7 {[%clk 0:47:55]} 21. fxg5
{[%clk 0:26:27]} Qg7 {[%clk 0:44:46]} 22. Rbe1 {[%clk 0:25:20]} Bd7
{[%clk 0:42:30]} 23. Ne5 {[%clk 0:24:48]} Bxe5 {[%clk 0:30:31]} 24. Rxe5
{[%clk 0:25:06]} Ne7 {[%clk 0:30:29]} 25. Ree1 {[%clk 0:22:37]} Rxf1+
{[%clk 0:22:50]} 26. Rxf1 {[%clk 0:22:12]} Rf8 {[%clk 0:23:10]} 27. Bf3
{[%clk 0:21:02]} Bc8 {[%clk 0:21:14]} 28. Qg2 {[%clk 0:20:08]} Nf5
{[%clk 0:15:08]} 29. Bg4 {[%clk 0:18:07]} Nxd4 {[%clk 0:11:44]} 30. Rxf8+
{[%clk 0:16:41]} Kxf8 {[%clk 0:12:08]} 31. Qf2+ {[%clk 0:16:56]} Nf5
{[%clk 0:11:41]} 32. Bxf5 {[%clk 0:17:14]} 1-0